[Event "Victoria Grand Pacific op 9th"]
[Site "Victoria"]
[Date "2015.04.04"]
[Round "2"]
[White "Day, Lawrence A"]
[Black "Roback, Joe"]
[Result "1/2-1/2"]
[WhiteElo "2206"]
[BlackElo "2016"]
[PlyCount "147"]
[EventDate "2015.04.03"]
[EventType "swiss"]
[EventRounds "6"]
[EventCountry "CAN"]
[SourceTitle "CBM 166 Extra"]
[Source "ChessBase"]
[SourceDate "2015.06.18"]
[SourceVersion "1"]
[SourceVersionDate "2015.06.18"]
[SourceQuality "1"]

1. Nf3 c5 2. a3 g6 3. b4 Bg7 4. Nc3 d6 5. Bb2 Nc6 6. b5 Ne5 7. Nxe5 Bxe5 8. g3 Bg7 9. Bg2 e6 10. Qb1 Ne7 11. a4 0-0 12. a5 a6 13. b6 Rb8 14. Ne4 e5 15. f4 Nc6 16. 0-0 Re8 17. e3 Qe7 18. Nc3 Be6 19. Nd5 Qd7 20. Nc7 Rec8 21. Nxe6 Qxe6 22. f5 Qe8 23. Bd5 Kh8 24. c4 Nb4 25. Bg2 Rd8 26. Bc3 Nc6 27. Bd5 Rd7 28. Rf2 Nd8 29. Qe4 f6 30. Raf1 Re7 31. fxg6 Qxg6 32. Qh4 Nf7 33. Rf5 Ng5 34. Qg4 Rf8 35. Kg2 Nf7 36. Qh4 Ng5 37. R1f2 Rd8 38. Qg4 Nf7 39. Qd1 Nh6 40. R5f3 f5 41. Re2 Rf8 42. Rf1 Ng4 43. Kh1 Nf6 44. Bg2 Ng4 45. h3 Nf6 46. Qe1 Nh5 47. Kh2 Rd8 48. Qf2 Rf8 49. Bd5 Bh6 50. Qg2 Nf6 51. Bxb7 Rxb7 52. Qxb7 Ne4 53. Rg1 Qh5 54. Reg2 Ng5 55. h4 Nf3+ 56. Kh1 Qg4 57. Rh2 Nxg1 58. Kxg1 Qxc4 59. Rf2 Bxe3 60. dxe3 Qxc3 61. Qe7 Kg8 62. Qe6+ Kg7 63. Qxd6 Qxe3 64. Kg2 f4 65. Qe7+ Kg8 66. gxf4 Qe4+ 67. Kh2 Rxf4 68. Qg5+ Kf7 69. Rxf4+ exf4 70. Qxc5 Qe2+ 71. Kh1 Qe1+ 72. Kg2 Qg3+ 73. Kf1 Qh3+ 74. Kf2 1/2-1/2

[Event "Victoria Grand Pacific op 8th"]
[Site "Victoria"]
[Date "2014.04.18"]
[Round "1"]
[White "Ingram, Richard"]
[Black "Day, Lawrence A"]
[Result "1-0"]
[WhiteElo "1823"]
[BlackElo "2237"]
[PlyCount "85"]
[EventDate "2014.04.18"]
[EventType "swiss"]
[EventRounds "6"]
[EventCountry "CAN"]
[SourceTitle "CBM 160 Extra"]
[Source "ChessBase"]
[SourceDate "2014.07.01"]
[SourceVersion "1"]
[SourceVersionDate "2014.07.01"]
[SourceQuality "1"]

1. e4 g6 2. d4 d6 3. Nc3 a6 4. h3 b5 5. Nf3 Bb7 6. a3 Nd7 7. Bf4 Bg7 8. Qd2 e5 9. Bg5 f6 10. Be3 Ne7 11. Rd1 0-0 12. dxe5 Nxe5 13. Be2 Nxf3+ 14. Bxf3 f5 15. Bd4 Bxd4 16. Qxd4 fxe4 17. Bxe4 Nf5 18. Bd5+ Bxd5 19. Qxd5+ Kg7 20. 0-0 Rb8 21. Ne4 Re8 22. Rfe1 Qe7 23. Qd2 Qe5 24. Nxd6 Qxd6 25. Qc3+ Nd4 26. Rxe8 Rxe8 27. Rxd4 Re1+ 28. Qxe1 Qxd4 29. Qe7+ Kh6 30. Qe3+ Qxe3 31. fxe3 Kg5 32. Kf2 h5 33. g3 Kf5 34. Kf3 g5 35. e4+ Ke5 36. h4 g4+ 37. Ke3 c5 38. b3 a5 39. a4 bxa4 40. bxa4 Ke6 41. Kf4 Kf6 42. e5+ Ke6 43. c4 1-0

[Event "Victoria Grand Pacific op 7th"]
[Site "Victoria"]
[Date "2013.03.30"]
[Round "3"]
[White "Villavieja, Butch"]
[Black "Day, Lawrence A"]
[Result "0-1"]
[WhiteElo "2260"]
[BlackElo "2225"]
[PlyCount "130"]
[EventDate "2013.03.29"]
[EventType "swiss"]
[EventRounds "6"]
[EventCountry "CAN"]
[SourceTitle "CBM 153 Extra"]
[Source "ChessBase"]
[SourceDate "2013.04.22"]
[SourceVersion "1"]
[SourceVersionDate "2013.04.22"]
[SourceQuality "1"]

1. e4 g6 2. d4 Bg7 3. Nc3 c5 4. Nf3 Qa5 5. Be3 Nf6 6. Qd2 Nc6 7. dxc5 Ng4 8. Nd5 Nxe3 9. Qxa5 Nxc2+ 10. Kd2 Nxa5 11. Kxc2 Rb8 12. Nc7+ Kd8 13. Nd5 e6 14. Nc3 b6 15. cxb6 Rxb6 16. Rd1 Bb7 17. Nd4 Ke7 18. f3 Rc8 19. Be2 Nc4 20. Bxc4 Rxc4 21. Nb3 f5 22. exf5 gxf5 23. Rhe1 Ra6 24. Re3 Rxa2 25. Kb1 Ra6 26. Red3 Bc8 27. g3 Rb6 28. Kc2 Rbb4 29. f4 Rc7 30. Nd4 Ba6 31. R3d2 Bb7 32. b3 Be4+ 33. Kb2 Rcb7 34. Ka2 Bxd4 35. Rxd4 Bc2 36. Rxb4 Rxb4 37. Rd2 Bxb3+ 38. Ka3 Rb6 39. Ne2 Bd5 40. Nd4 Ra6+ 41. Kb4 Be4 42. Nb5 Ra1 43. Nd6 Bc6 44. Nc8+ Kd8 45. Nd6 a5+ 46. Kc3 Rb1 47. Nf7+ Ke7 48. Ne5 Bd5 49. Rd4 Ra1 50. Nd3 Ra3+ 51. Kb2 Ra2+ 52. Kc3 Rxh2 53. Ra4 Rg2 54. Rxa5 Rxg3 55. Kd2 Rg2+ 56. Ke3 Ra2 57. Rc5 Ra3 58. Kd2 Kd8 59. Rc1 h5 60. Rg1 Ra2+ 61. Ke3 Rg2 62. Rc1 h4 63. Ne5 h3 64. Rh1 h2 65. Nf3 Rg3 0-1

[Event "Canadian op 48th"]
[Site "Toronto"]
[Date "2011.07.16"]
[Round "8"]
[White "Nicholson, Matthew"]
[Black "Day, Lawrence A"]
[Result "1-0"]
[WhiteElo "1933"]
[BlackElo "2251"]
[PlyCount "45"]
[EventDate "2011.07.09"]
[EventType "swiss"]
[EventRounds "9"]
[EventCountry "CAN"]
[SourceTitle "CBM 143 Extra"]
[Source "ChessBase"]
[SourceDate "2011.08.29"]
[SourceVersion "1"]
[SourceVersionDate "2011.08.29"]
[SourceQuality "1"]

1. e4 g6 2. d4 d6 3. Nf3 Bg7 4. Bc4 c6 5. 0-0 d5 6. Bb3 dxe4 7. Ng5 Nh6 8. Nxe4 Bg4 9. Qd3 Bf5 10. c3 Nd7 11. Qe2 Qc7 12. Ng3 Bxb1 13. Rxb1 Nf6 14. Re1 Qd7 15. Bg5 e6 16. Qf3 Nhg8 17. Ne2 Nd5 18. c4 Nc7 19. d5 cxd5 20. cxd5 Nxd5 21. Rbd1 h6 22. Bxd5 hxg5 23. Bxb7 1-0

[Event "Canadian op 48th"]
[Site "Toronto"]
[Date "2011.07.15"]
[Round "7"]
[White "Day, Lawrence A"]
[Black "Inigo, Aquino"]
[Result "1-0"]
[WhiteElo "2251"]
[BlackElo "1962"]
[PlyCount "96"]
[EventDate "2011.07.09"]
[EventType "swiss"]
[EventRounds "9"]
[EventCountry "CAN"]
[SourceTitle "CBM 143 Extra"]
[Source "ChessBase"]
[SourceDate "2011.08.29"]
[SourceVersion "1"]
[SourceVersionDate "2011.08.29"]
[SourceQuality "1"]

1. b3 d5 2. Bb2 e6 3. f4 Nf6 4. Nf3 c5 5. e3 Nc6 6. Bb5 Bd7 7. 0-0 Be7 8. Bxc6 Bxc6 9. Ne5 Qc7 10. d3 0-0 11. Nd2 Rad8 12. Qe2 b5 13. Rf3 Ne8 14. Rh3 d4 15. a4 a6 16. axb5 axb5 17. Ra7 Qxa7 18. Nxc6 Qc7 19. Nxd8 Bxd8 20. Ne4 f5 21. Nd2 e5 22. b4 Be7 23. bxc5 Bxc5 24. fxe5 Qxe5 25. Nb3 Nf6 26. Nxc5 Qxc5 27. Bxd4 Qc6 28. Rf3 g6 29. Rf1 Rc8 30. e4 Re8 31. Qd2 Qd6 32. c3 Ng4 33. Qa2+ Qe6 34. Qxe6+ Rxe6 35. h3 Ne5 36. exf5 gxf5 37. Rxf5 Nxd3 38. Rxb5 Re7 39. Rg5+ Kf8 40. Kh2 Re2 41. Kg3 Ne1 42. Rf5+ Kg8 43. Rf2 Re6 44. Rd2 Rg6+ 45. Kh2 h6 46. Be5 Re6 47. Bg3 Re3 48. Bf2 Re6 1-0

[Event "Victoria Grand Pacific op 5th"]
[Site "Victoria"]
[Date "2011.04.23"]
[Round "2"]
[White "Botez, Alexandra"]
[Black "Day, Lawrence A"]
[Result "0-1"]
[WhiteElo "1944"]
[BlackElo "2251"]
[PlyCount "82"]
[EventDate "2011.04.22"]
[EventType "swiss"]
[EventRounds "6"]
[EventCountry "CAN"]
[SourceTitle "EXT 2014"]
[Source "ChessBase"]
[SourceDate "2013.11.20"]
[SourceVersion "1"]
[SourceVersionDate "2013.11.20"]
[SourceQuality "1"]

1. d4 g6 2. c4 Bg7 3. Nc3 d6 4. e4 Nd7 5. Be3 e5 6. d5 Ne7 7. Bd3 0-0 8. g4 f5 9. gxf5 gxf5 10. Bg5 Nf6 11. Qc2 h6 12. Bd2 fxe4 13. Nxe4 Nf5 14. Ne2 Nxe4 15. Bxe4 Qh4 16. Qd3 Nd4 17. Ng3 Bg4 18. Be3 Nf3+ 19. Bxf3 Bxf3 20. Rf1 e4 21. Qc2 c5 22. Ne2 b5 23. cxb5 a6 24. b6 Rab8 25. Qb3 Qd8 26. Rg1 Kh7 27. Nf4 Rxf4 28. Bxf4 Rxb6 29. Rxg7+ Kxg7 30. Qc3+ Kh7 31. Kd2 Qf8 32. Ke3 Rb4 33. Rg1 Rd4 34. Rg3 Qf5 35. Bxd6 Rd3+ 36. Qxd3 exd3 37. Bxc5 Qe4+ 38. Kd2 Qe2+ 39. Kc3 d2 40. Bd4 d1N+ 41. Kb4 Qb5+ 0-1

[Event "Calgary op"]
[Site "Calgary"]
[Date "2010.05.23"]
[Round "6"]
[White "Haessel, Dale R"]
[Black "Day, Lawrence A"]
[Result "1-0"]
[WhiteElo "2207"]
[BlackElo "2288"]
[PlyCount "43"]
[EventDate "2010.05.20"]
[EventType "swiss"]
[EventRounds "9"]
[EventCountry "CAN"]
[SourceTitle "CBM 136 Extra"]
[Source "ChessBase"]
[SourceDate "2010.07.02"]
[SourceVersion "2"]
[SourceVersionDate "2010.07.15"]
[SourceQuality "1"]

1. d4 d6 2. c4 Nd7 3. Nc3 e5 4. e4 g6 5. Nf3 Bg7 6. g3 c6 7. Bg2 Ngf6 8. 0-0 0-0 9. h3 Qb6 10. Re1 Re8 11. b3 exd4 12. Na4 Qd8 13. Nxd4 d5 14. cxd5 cxd5 15. exd5 Rxe1+ 16. Qxe1 Nxd5 17. Bb2 N7f6 18. Rd1 Bf8 19. Ne2 Qe8 20. Bxd5 Nxd5 21. Rxd5 Bxh3 22. Qc3 1-0

[Event "Calgary op"]
[Site "Calgary"]
[Date "2010.05.22"]
[Round "5"]
[White "Day, Lawrence A"]
[Black "Yam, Alex"]
[Result "1-0"]
[WhiteElo "2288"]
[BlackElo "2167"]
[PlyCount "149"]
[EventDate "2010.05.20"]
[EventType "swiss"]
[EventRounds "9"]
[EventCountry "CAN"]
[SourceTitle "CBM 136 Extra"]
[Source "ChessBase"]
[SourceDate "2010.07.02"]
[SourceVersion "2"]
[SourceVersionDate "2010.07.15"]
[SourceQuality "1"]

1. Nf3 g6 2. e4 Bg7 3. d4 d6 4. h3 c5 5. d5 Nf6 6. Nc3 0-0 7. Bf4 b5 8. Bxb5 Nxe4 9. Nxe4 Qa5+ 10. Nc3 Bxc3+ 11. bxc3 Qxb5 12. Nd2 Bf5 13. g4 Qa4 14. c4 Bxc2 15. Qc1 Nd7 16. Qb2 g5 17. Bxg5 Rfe8 18. 0-0 Bg6 19. Bh6 f6 20. f4 Rab8 21. Qc3 Qc2 22. Rfc1 Qxc3 23. Rxc3 f5 24. Ra3 Rb2 25. Rd1 Nf6 26. gxf5 Bh5 27. Rg3+ Kf7 28. Rg7+ Kf8 29. Re1 Ng8 30. Rxh7+ Nxh6 31. Rxh6 Rxd2 32. Rxh5 Kf7 33. Rh7+ Kg8 34. Rhxe7 Rf8 35. R1e2 Rd4 36. Rg2+ Kh8 37. Re6 Kh7 38. Rxd6 Rxf5 39. Rd7+ Kh8 40. Rxa7 Rxc4 41. Ra8+ Kh7 42. d6 Rd5 43. Ra7+ Kh6 44. Ra8 Kh7 45. Rf8 Rxd6 46. f5 Rf4 47. Kh2 Rh6 48. Rg6 Rfh4 49. Rf7+ Kh8 50. Rg3 Ra4 51. Rf8+ Kh7 52. Rf7+ Kh8 53. a3 Rha6 54. f6 Ra8 55. Rg5 R8a7 56. Rxa7 Rxa7 57. Rg3 Rc7 58. Kg2 c4 59. Re3 Kg8 60. Kf3 Rb7 61. Ke4 Kf7 62. Rf3 Rb8 63. Kd4 Rc8 64. Kc3 Rc7 65. a4 Ra7 66. Kb4 c3 67. Rxc3 Kxf6 68. a5 Rb7+ 69. Ka4 Rb1 70. a6 Rb8 71. Ka5 Rg8 72. a7 Ke5 73. Kb6 Kd6 74. Rd3+ Ke6 75. Ra3 1-0

[Event "Calgary op"]
[Site "Calgary"]
[Date "2010.05.20"]
[Round "1"]
[White "Day, Lawrence A"]
[Black "De Firmian, Nick E"]
[Result "0-1"]
[WhiteElo "2288"]
[BlackElo "2549"]
[PlyCount "102"]
[EventDate "2010.05.20"]
[EventType "swiss"]
[EventRounds "9"]
[EventCountry "CAN"]
[SourceTitle "CBM 136 Extra"]
[Source "ChessBase"]
[SourceDate "2010.07.02"]
[SourceVersion "2"]
[SourceVersionDate "2010.07.15"]
[SourceQuality "1"]

1. d4 Nf6 2. c4 e6 3. g3 c5 4. d5 exd5 5. cxd5 d6 6. Nc3 g6 7. Bg2 Bg7 8. Nf3 0-0 9. 0-0 Nbd7 10. Bf4 Qe7 11. h3 Nh5 12. Bg5 f6 13. Bd2 f5 14. Qc1 Ne5 15. Bg5 Qe8 16. Nxe5 Bxe5 17. Bh6 Rf7 18. Bf3 Nf6 19. Bf4 Bd7 20. Bxe5 Qxe5 21. Qf4 Qxf4 22. gxf4 b5 23. Rfc1 a5 24. a4 b4 25. Nd1 Bc8 26. Ne3 Ba6 27. Nc4 Bxc4 28. Rxc4 Nd7 29. b3 Nb6 30. Rc2 Rc7 31. e3 c4 32. bxc4 Rxc4 33. Rxc4 Nxc4 34. Be2 Rc8 35. Kf1 Nb6 36. Bb5 Rc3 37. Ke1 Kf8 38. Kd2 Nxd5 39. Rc1 Rxc1 40. Kxc1 Nc3 41. Bc6 d5 42. f3 Ke7 43. Kd2 Kd6 44. Be8 d4 45. exd4 Nd5 46. Kd3 Nxf4+ 47. Kc4 Nxh3 48. Bf7 Nf4 49. Kb5 Nd5 50. Kc4 Nc7 51. Bg8 h5 0-1

[Event "Victoria op 4th"]
[Site "Victoria"]
[Date "2010.04.04"]
[Round "4"]
[White "Day, Lawrence A"]
[Black "Yoos, Jack"]
[Result "1/2-1/2"]
[WhiteElo "2302"]
[BlackElo "2444"]
[PlyCount "50"]
[EventDate "2010.04.02"]
[EventType "swiss"]
[EventRounds "6"]
[EventCountry "CAN"]
[SourceTitle "CBM 135 Extra"]
[Source "ChessBase"]
[SourceDate "2010.05.04"]
[SourceVersion "1"]
[SourceVersionDate "2010.05.04"]
[SourceQuality "1"]

1. e4 c5 2. Nc3 Nc6 3. g3 g6 4. Bg2 Rb8 5. d3 b5 6. Be3 b4 7. Nce2 Bg7 8. d4 cxd4 9. Nxd4 Ne5 10. Nb3 Nc6 11. Rb1 d6 12. Nd4 Bd7 13. Nxc6 Bxc6 14. Bxa7 Ra8 15. Bd4 Nf6 16. Qd3 Qa5 17. Ne2 0-0 18. 0-0 e5 19. Be3 Bb5 20. Qd1 Qxa2 21. Re1 Rfc8 22. Bg5 Qc4 23. Bxf6 Bxf6 24. c3 Qc5 25. cxb4 Bxe2 1/2-1/2

[Event "Victoria op 4th"]
[Site "Victoria"]
[Date "2010.04.02"]
[Round "1"]
[White "Diemecke, Pablo"]
[Black "Day, Lawrence A"]
[Result "0-1"]
[WhiteElo "2302"]
[BlackElo "2302"]
[PlyCount "90"]
[EventDate "2010.04.02"]
[EventType "swiss"]
[EventRounds "6"]
[EventCountry "CAN"]
[SourceTitle "CBM 135 Extra"]
[Source "ChessBase"]
[SourceDate "2010.05.04"]
[SourceVersion "1"]
[SourceVersionDate "2010.05.04"]
[SourceQuality "1"]

1. e4 g6 2. Nf3 Bg7 3. d4 d6 4. c3 Nf6 5. Bd3 0-0 6. 0-0 Nc6 7. Bg5 h6 8. Bh4 Bg4 9. h3 Bxf3 10. Qxf3 e5 11. d5 Nb8 12. Nd2 Nbd7 13. Nc4 Qb8 14. Ne3 Nh5 15. Bb5 Nc5 16. Be7 Rc8 17. Ng4 a6 18. Be2 Re8 19. Bh4 Nd7 20. Bd3 Nf4 21. Bc2 Rf8 22. Ne3 Bf6 23. Bxf6 Nxf6 24. Ng4 Nxg4 25. Qxg4 Qd8 26. g3 h5 27. Qd1 Nxh3+ 28. Kh2 Ng5 29. Kg2 Qe7 30. Qe2 Qd7 31. Rh1 Nh7 32. Qe3 Kg7 33. c4 Rh8 34. Rac1 Nf6 35. f3 Rag8 36. Qg5 Qe7 37. Rce1 Nxd5 38. Qd2 Nf6 39. Re2 Nd7 40. f4 Kf8 41. Qd5 Nc5 42. Qd2 Ne6 43. Rf2 exf4 44. gxf4 g5 45. f5 Nf4+ 0-1

[Event "Victoria Grand Pacific op 3rd"]
[Site "Victoria"]
[Date "2009.04.13"]
[Round "6"]
[White "Piasetski, Leon David"]
[Black "Day, Lawrence A"]
[Result "1/2-1/2"]
[WhiteElo "2288"]
[BlackElo "2322"]
[PlyCount "67"]
[EventDate "2009.04.10"]
[EventType "swiss"]
[EventRounds "6"]
[EventCountry "CAN"]
[SourceTitle "CBM 130 Extra"]
[Source "ChessBase"]
[SourceDate "2009.07.02"]
[SourceVersion "2"]
[SourceVersionDate "2009.07.15"]
[SourceQuality "1"]

1. Nf3 d6 2. d4 Nf6 3. c4 c6 4. Nc3 Nbd7 5. e4 e5 6. Be2 Be7 7. 0-0 0-0 8. Qc2 Qe8 9. Rd1 Kh8 10. Rb1 Bd8 11. dxe5 dxe5 12. b4 Nh5 13. c5 Ndf6 14. Nd2 Be6 15. Nc4 Bxc4 16. Bxc4 Nf4 17. b5 Ba5 18. Ne2 Nxe2+ 19. Bxe2 Rc8 20. Be3 b6 21. f3 Nd7 22. Qa4 Qe7 23. cxb6 Bxb6 24. Bxb6 Nxb6 25. Qa6 c5 26. a4 c4 27. a5 Qc5+ 28. Kf1 Na4 29. Rbc1 Nb2 30. Rd7 Qe3 31. Rc2 Qb3 32. Rc1 Qe3 33. Rc2 Qb3 34. Rc1 1/2-1/2

[Event "Calgary op"]
[Site "Calgary"]
[Date "2008.05.18"]
[Round "5"]
[White "Huber, Gregory"]
[Black "Day, Lawrence A"]
[Result "0-1"]
[WhiteElo "2235"]
[BlackElo "2265"]
[PlyCount "84"]
[EventDate "2008.05.16"]
[EventType "swiss"]
[EventRounds "7"]
[EventCountry "CAN"]
[SourceTitle "EXT 2011"]
[Source "ChessBase"]
[SourceDate "2010.11.26"]
[SourceVersion "1"]
[SourceVersionDate "2010.11.26"]
[SourceQuality "1"]

1. c4 g6 2. g3 Bg7 3. Bg2 Nc6 4. Nc3 d6 5. d3 Bd7 6. e4 Nd4 7. Be3 c5 8. Nge2 e6 9. 0-0 Ne7 10. Qd2 h6 11. Rab1 a5 12. f4 Bc6 13. a4 Nb3 14. Qd1 Nd4 15. Nb5 e5 16. b3 0-0 17. fxe5 dxe5 18. Nbc3 Bd7 19. Qd2 Bg4 20. Nc1 Kh7 21. h3 Be6 22. Nd5 Bxd5 23. cxd5 Nc8 24. Ne2 Nd6 25. Rf2 Qd7 26. Kh2 f5 27. h4 fxe4 28. dxe4 Qg4 29. Nc3 Rxf2 30. Bxf2 Rf8 31. Qe3 b6 32. Rb2 h5 33. Qe1 Bh6 34. Qd1 Nf3+ 35. Bxf3 Rxf3 36. Qe1 Rd3 37. Rc2 Qf3 38. Kg1 Bd2 39. Rxd2 Rxc3 40. Qf1 Nxe4 41. Rd1 Nd6 42. Qh3 Nf5 0-1

[Event "Calgary op"]
[Site "Calgary"]
[Date "2008.05.17"]
[Round "2"]
[White "Day, Lawrence A"]
[Black "Nguyen, Kim"]
[Result "1-0"]
[WhiteElo "2265"]
[BlackElo "2088"]
[PlyCount "63"]
[EventDate "2008.05.16"]
[EventType "swiss"]
[EventRounds "7"]
[EventCountry "CAN"]
[SourceTitle "EXT 2011"]
[Source "ChessBase"]
[SourceDate "2010.11.26"]
[SourceVersion "1"]
[SourceVersionDate "2010.11.26"]
[SourceQuality "1"]

1. g3 c5 2. Bg2 Nc6 3. Nc3 e6 4. e4 g6 5. d3 Bg7 6. Be3 d6 7. Qd2 Rb8 8. Nh3 b5 9. 0-0 b4 10. Nd1 Nf6 11. Bh6 Bxh6 12. Qxh6 Ng4 13. Qd2 Rb6 14. f3 Nf6 15. Ne3 0-0 16. Nc4 Ra6 17. Qh6 Qe7 18. Ng5 Rd8 19. f4 d5 20. Ne5 Nd4 21. c3 Ne2+ 22. Kh1 dxe4 23. dxe4 bxc3 24. Ng4 Bb7 25. bxc3 Nxc3 26. Nxf6+ Qxf6 27. Qxh7+ Kf8 28. Rac1 Rxa2 29. Rxc3 Rdd2 30. Rb3 Bc6 31. Rb8+ Be8 32. e5 1-0

[Event "Canadian op"]
[Site "Ottawa"]
[Date "2007.07.10"]
[Round "5"]
[White "Krnan, Tomas"]
[Black "Day, Lawrence A"]
[Result "1-0"]
[WhiteElo "2432"]
[BlackElo "2266"]
[PlyCount "85"]
[EventDate "2007.07.07"]
[EventType "swiss"]
[EventRounds "10"]
[EventCountry "CAN"]
[SourceTitle "CBM 119 Extra"]
[Source "ChessBase"]
[SourceDate "2007.09.04"]
[SourceVersion "1"]
[SourceVersionDate "2007.09.04"]
[SourceQuality "1"]

1. e4 g6 2. d4 d6 3. Nc3 a6 4. Be3 b5 5. Qd2 Nd7 6. h4 h5 7. e5 Nb6 8. a4 Nc4 9. Qc1 Nxe3 10. Qxe3 b4 11. Ne4 d5 12. Ng5 e6 13. N1h3 Nh6 14. Bd3 c5 15. c3 bxc3 16. bxc3 Qa5 17. 0-0 c4 18. Bc2 Be7 19. f3 Nf5 20. Bxf5 gxf5 21. Rfb1 Rg8 22. Nf4 Rh8 23. Ne2 Qd8 24. a5 Bd7 25. Rb6 Qc8 26. Ng3 Kf8 27. f4 Bb5 28. Qf3 Bd8 29. Nxh5 Bxb6 30. axb6 Rb8 31. g4 fxg4 32. Qxg4 Ke7 33. Nf6 Rxb6 34. f5 Qf8 35. Rf1 Qh6 36. h5 Be8 37. Rf2 a5 38. Qh4 Ba4 39. fxe6 fxe6 40. Nxd5+ exd5 41. Nf7+ Kd7 42. Nxh6 Rbxh6 43. Rf7+ 1-0

[Event "Staunton Memorial 4th"]
[Site "London/Crowthorne"]
[Date "2006.08.25"]
[Round "11"]
[White "Day, Lawrence A"]
[Black "Visser, Yge"]
[Result "0-1"]
[WhiteElo "2278"]
[BlackElo "2516"]
[PlyCount "72"]
[EventDate "2006.08.14"]
[EventType "tourn"]
[EventRounds "11"]
[EventCountry "ENG"]
[EventCategory "11"]
[SourceTitle "CBM 113 Extra"]
[Source "ChessBase"]
[SourceDate "2006.09.14"]
[SourceVersion "1"]
[SourceVersionDate "2006.09.14"]
[SourceQuality "1"]

1. Nf3 Nf6 2. d4 g6 3. Bf4 Bg7 4. e3 0-0 5. Be2 d6 6. h3 c5 7. c3 Be6 8. dxc5 dxc5 9. Qxd8 Rxd8 10. 0-0 Nc6 11. Nbd2 h6 12. e4 Nd7 13. Rfd1 Rac8 14. Nb3 g5 15. Be3 b6 16. h4 g4 17. Nh2 Nde5 18. Nd2 Kh7 19. a3 h5 20. f3 gxf3 21. Ndxf3 Bc4 22. Re1 Kg6 23. Nxe5+ Nxe5 24. Nf3 Bd3 25. Bg5 Bxe2 26. Rxe2 Rd7 27. Nxe5+ Bxe5 28. Rf1 Rcd8 29. Bf4 Bxf4 30. Rxf4 Rd1+ 31. Rf1 R8d2 32. Rxd2 Rxd2 33. Rf2 Rd1+ 34. Rf1 Rxf1+ 35. Kxf1 f5 36. exf5+ Kxf5 0-1

[Event "Staunton Memorial 4th"]
[Site "London/Crowthorne"]
[Date "2006.08.24"]
[Round "10"]
[White "Howell, David"]
[Black "Day, Lawrence A"]
[Result "1-0"]
[WhiteElo "2479"]
[BlackElo "2278"]
[PlyCount "92"]
[EventDate "2006.08.14"]
[EventType "tourn"]
[EventRounds "11"]
[EventCountry "ENG"]
[EventCategory "11"]
[SourceTitle "CBM 113 Extra"]
[Source "ChessBase"]
[SourceDate "2006.09.14"]
[SourceVersion "1"]
[SourceVersionDate "2006.09.14"]
[SourceQuality "1"]

1. e4 e5 2. Nf3 Nc6 3. Bb5 a6 4. Ba4 Nf6 5. 0-0 Be7 6. Re1 b5 7. Bb3 d6 8. c3 0-0 9. h3 Qd7 10. d4 Re8 11. Nbd2 Bf8 12. d5 Nd8 13. Nf1 Kh8 14. Bc2 g6 15. a4 Bb7 16. b3 c6 17. c4 b4 18. dxc6 Bxc6 19. N3h2 Ne6 20. Ng4 Ng8 21. Bb2 Qb7 22. Nd2 Bg7 23. Ne3 Nc5 24. Nd5 a5 25. Nf1 Bxd5 26. cxd5 Rf8 27. Ne3 Qe7 28. Rc1 Bh6 29. Bb1 Nf6 30. Rc4 Nfd7 31. g3 Kg8 32. Re2 Nb6 33. Rc1 Qd7 34. Ng4 Bg7 35. Bxe5 Bxe5 36. Nxe5 Qxh3 37. Nd3 Nxd3 38. Bxd3 Nd7 39. Re3 Rac8 40. Bf1 Qh6 41. Rc6 Ne5 42. Rxc8 Rxc8 43. f4 Rc7 44. Kg2 Nd7 45. Bb5 f6 46. Bc6 Qg7 1-0

[Event "Staunton Memorial 4th"]
[Site "London/Crowthorne"]
[Date "2006.08.22"]
[Round "8"]
[White "L'Ami, Erwin"]
[Black "Day, Lawrence A"]
[Result "1-0"]
[WhiteElo "2586"]
[BlackElo "2278"]
[PlyCount "43"]
[EventDate "2006.08.14"]
[EventType "tourn"]
[EventRounds "11"]
[EventCountry "ENG"]
[EventCategory "11"]
[SourceTitle "CBM 113 Extra"]
[Source "ChessBase"]
[SourceDate "2006.09.14"]
[SourceVersion "1"]
[SourceVersionDate "2006.09.14"]
[SourceQuality "1"]

1. d4 Nf6 2. c4 d6 3. Nc3 g6 4. e4 Bg7 5. Nf3 0-0 6. Be2 Bg4 7. Be3 Nfd7 8. Rc1 a6 9. d5 Bxf3 10. gxf3 c5 11. h4 h5 12. f4 f5 13. Rg1 Kh7 14. Bxh5 Rf6 15. Bf3 b5 16. h5 Bh6 17. hxg6+ Kg7 18. Ne2 fxe4 19. Bxe4 Qf8 20. Ng3 Rxf4 21. Nh5+ Kg8 22. g7 1-0

[Event "Staunton Memorial 4th"]
[Site "London/Crowthorne"]
[Date "2006.08.19"]
[Round "6"]
[White "Timman, Jan H"]
[Black "Day, Lawrence A"]
[Result "1-0"]
[WhiteElo "2594"]
[BlackElo "2278"]
[PlyCount "109"]
[EventDate "2006.08.14"]
[EventType "tourn"]
[EventRounds "11"]
[EventCountry "ENG"]
[EventCategory "11"]
[SourceTitle "CBM 113 Extra"]
[Source "ChessBase"]
[SourceDate "2006.09.14"]
[SourceVersion "1"]
[SourceVersionDate "2006.09.14"]
[SourceQuality "1"]

1. e4 g6 2. d4 d6 3. f4 c6 4. Nf3 d5 5. e5 Bg4 6. Nbd2 e6 7. c4 Ne7 8. Qb3 Qb6 9. Qc3 Bxf3 10. Nxf3 dxc4 11. Bxc4 Na6 12. 0-0 Nc7 13. Qd3 Rd8 14. Kh1 Nf5 15. g4 Nxd4 16. Be3 c5 17. Bxd4 cxd4 18. f5 gxf5 19. gxf5 Bh6 20. Qe4 Be3 21. Qg4 Kd7 22. Qh5 Rdf8 23. Bd3 Rhg8 24. Be4 Qxb2 25. Qh3 b6 26. Rab1 Qe2 27. Bb7 exf5 28. Rbe1 Qc2 29. Nh4 Ne6 30. Nxf5 Qc7 31. Bg2 Ng5 32. Qg4 h5 33. Qd1 Kc8 34. Nd6+ Kd8 35. Nf5 Qd7 36. Qc2 d3 37. Qc3 Bc5 38. Rd1 Kc8 39. Rxd3 Qc7 40. Rc1 Ne6 41. Rg3 Nf4 42. Qf3 Nxg2 43. Qa8+ Kd7 44. Qd5+ Kc8 45. Nd6+ Kb8 46. Rxc5 Nf4 47. Rxc7 Nxd5 48. Rb7+ Ka8 49. Rxf7 Rd8 50. Rxg8 Rxg8 51. e6 Rd8 52. Rd7 Rf8 53. e7 Nxe7 54. Rxe7 a5 55. Kg2 1-0

[Event "Staunton Memorial 4th"]
[Site "London/Crowthorne"]
[Date "2006.08.18"]
[Round "5"]
[White "Speelman, Jonathan S"]
[Black "Day, Lawrence A"]
[Result "1-0"]
[WhiteElo "2541"]
[BlackElo "2278"]
[PlyCount "81"]
[EventDate "2006.08.14"]
[EventType "tourn"]
[EventRounds "11"]
[EventCountry "ENG"]
[EventCategory "11"]
[SourceTitle "CBM 113 Extra"]
[Source "ChessBase"]
[SourceDate "2006.09.14"]
[SourceVersion "1"]
[SourceVersionDate "2006.09.14"]
[SourceQuality "1"]

1. e4 d6 2. d4 g6 3. Nc3 a6 4. Be3 b5 5. Qd2 Nd7 6. a4 b4 7. Nd1 Rb8 8. a5 c5 9. c3 Ngf6 10. f3 bxc3 11. bxc3 cxd4 12. cxd4 e5 13. d5 Nc5 14. Bxc5 dxc5 15. Bc4 Rb4 16. Qd3 Qd6 17. Ne2 Bh6 18. 0-0 0-0 19. Nf2 Ne8 20. Qc3 Bd7 21. Kh1 Qc7 22. Nd3 Bb5 23. Bxb5 Rxb5 24. Qxe5 Nd6 25. Qg3 c4 26. Nf2 Bg7 27. Rac1 Rd8 28. Nd1 Qxa5 29. Nec3 Rb3 30. e5 Nb5 31. Qe1 Re8 32. f4 g5 33. g3 Bf8 34. Ne4 Bb4 35. Nf6+ Kf8 36. Qe4 Rd8 37. fxg5 Nc7 38. d6 Bxd6 39. exd6 Rxd6 40. Qxc4 Qb5 41. Qxb5 1-0